000 00590cam a22002053a 4500
001 38589
003 PGUSA
005 20140828083842.0
008 120116s2012||||xxu|||||s|||||000 | eng d
040 _aPGUSA
_beng
042 _adc
245 1 0 _aLegal Lore :
_bCuriosities of Law and Lawyers
_h[electronic resource] /
_cVarious
260 _bProject Gutenberg,
_c2012
506 _aPublic domain in the USA.
516 _aElectronic text
700 1 _aAndrews, William,
_d1848-1908
830 0 _aProject Gutenberg
_v38589
856 4 0 _uhttp://www.gutenberg.org/ebooks/38589
942 _cEB
999 _c267843
_d267843